| 000 | 00666nam a2200133Ia 4500 | ||
|---|---|---|---|
| 008 | 220216s9999 xx 000 0 und d | ||
| 100 |
_aRadhiah A K _cet al |
||
| 245 | 4 | _aThe role of forest fragment in bird diversity conservation within a rubber forest plantation ecosystem | |
| 260 | _bSustainability of the NR Industry: Issues, Challenges & Opportunities: International Rubber Conference,21-22 November 2016, Cambodian Rubber Research Institute (CRRI) and International Rubber Research and Development Board (IRRDB), Siem Reap, Cambodia, pp.492-499. | ||
| 650 | _aBird diversity | ||
| 650 | _aForest fragment | ||
| 650 | _aRubber forest plantation | ||
| 942 | _cJS | ||
| 999 |
_c70983 _d70983 |
||